Graniczące państwa według podpowiedzi #3 - Statystyki

Ogólne statystyki
  • Ten quiz został rozwiązany 3 995 razy
  • Średni wynik to 16 z 21
Statystyki odpowiedzi
Podpowiedź Państwo % Poprawnych
Jego nazwa zaczyna się na "U". Urugwaj
98%
Urodził się tam papież Franciszek. Argentyna
96%
Pochodzi z niego samba. Brazylia
93%
Rozciąga się na 4000 kilometrów od północy do południa, ale na mniej niż 200 ze wschodu na zachód. Chile
93%
Zostało nazwane na część znanego odkrywcy. Kolumbia
83%
Żyje tam więcej imigrantów niż w jakimkolwiek innym państwie na świecie. Stany Zjednoczone
79%
Więcej osób mówi tam po hiszpańsku niż w jakimkolwiek innym państwie na świecie. Meksyk
78%
Jego oficjalnym językiem jest niderlandzki. Surinam
78%
Znajduje się tam Salto Angel - najwyższy wodospad na świecie. Wenezuela
78%
Jego największa francuskojęzyczna prowincja prawie odłączyła się od niego w 1995 roku. Kanada
76%
Urodził się tam Marcin Luter. Niemcy
76%
Jego oficjalnym językiem jest angielski. Gujana
75%
Jego dyktator, Manuel Noriega, został schwytany przez Stany Zjednoczone w 1990 roku. Panama
73%
Skolonizowało tereny dzisiejszej Demokratycznej Republiki Konga. Belgia
71%
Jego stolica leży poniżej poziomu morza. Holandia
71%
W 2022 roku jego rząd zgodził się na podział wyspy Hans z państwem powyżej. Dania
70%
Jest to maleńkie państwo rządzone przez Wielkiego Księcia. Luksemburg
70%
Jego stolica to Tegucigalpa. Honduras
68%
Zniosło swoją armię w 1948 roku. Kostaryka
68%
Znajduje się tam miasto Majów - Tikal. Gwatemala
65%
W jego największym jeziorze żyją rekiny. Nikaragua
65%
Nie znaleziono quizów pasujących do podanych kryteriów
Rozkład punktacji
Procent ludzi z każdym wynikiem
Percentyl według liczby udzielonych odpowiedzi
Twoja historia wyników
Nie rozwiązałeś tego quizu